000 00310nam a22001337a 4500
008 180129b xxu||||| |||| 00| 0 eng d
020 _a9780077510367
041 _aeng
080 _28n ed
_a575
100 _a5
101 _abio
245 _ageneral organic biochemistry
_ckatherine.j.d
942 _2udc
_cBK
999 _c41179
_d41179